| 000 | 00967nam a2200301 i 4500 | ||
|---|---|---|---|
| 001 | 000022715 | ||
| 003 | DO-SdBNP | ||
| 005 | 20251120103538.0 | ||
| 007 | ta | ||
| 008 | 100921s1989 dr 001 f spa d | ||
| 040 |
_aDO-SdBNP _bspa _cBNPHU _erda |
||
| 041 | _aspa | ||
| 082 |
_a863.62 _bU54t _222 |
||
| 100 | 1 |
_aUnamuno, Miguel de, _d1864-1936 _eautor _96254 |
|
| 245 | 1 | 0 |
_aTres novelas ejemplares y un prólogo / _cMiguel de Unamuno. |
| 250 | _aPrimera edición | ||
| 264 |
_aSanto Domingo : _bAlfa y Omega, _c1989. |
||
| 300 |
_a141 páginas ; _c17 cm. |
||
| 336 |
_ardacontent _btexto _2txt |
||
| 337 |
_ardamedia _bsin mediación _2n |
||
| 338 |
_ardacarrier _bvolumen _2nc |
||
| 505 | 0 |
_tPrólogo -- _tDos madres -- _tEl marqués de Lumbria -- _tNada menos que todo un hombre. |
|
| 590 | _aInventariado, 2025/DG | ||
| 650 | 4 |
_aNovela española _91123 |
|
| 650 | 4 |
_aLiteratura española _9632 |
|
| 910 | _aValidado. Control de calidad | ||
| 942 |
_2ddc _cLBS1 |
||
| 999 |
_c22212 _d22212 |
||